000 00838nam a2200253 a 4500
001 BRCA_7625
005 20190320205921.0
008 090713s1951----u--a######---#000-0#eng-#
041 _aeng
044 _au
050 4 _aND450
_b.E97 1951
245 1 0 _aEuropean paintings from the Gulbenkian Collection
_cNational Gallery of Art ; introduction by John Walker.
260 _aWashington, D. C.
_bSmithsonian Institution
_c1951
300 _a93 p.
_bil., 40 láminas
_c23 cm.
500 _aT34
650 1 4 _aPinturas europeas
_vExposiciones
_910739
650 1 4 _aColeccionistas y colecciones
_918809
650 1 4 _aPinturas
_xColecciones particulares
_910387
650 1 4 _aGalerías y museos
_zEstados Unidos
_97437
700 1 _aWalker, John
_eintr.
_912342
710 2 _aNational Gallery of Art
_918810
902 _aGFM
942 _2lcc
_cB
999 _c7299
_d7299